Statistics for 1 Word MCU Character Quiz

Click here to take the quiz!

General Stats

  • This quiz has been taken 82 times
  • The average score is 13 of 15

Answer Stats

HintAnswer% Correct
HammerThor
99%
ArrowHawkeye
97%
RichIron Man
97%
RussianBlack Widow
96%
AngryHulk
96%
WebSpider Man
96%
QuantumAnt-Man
93%
ArmWinter Soldier
93%
WingsFalcon
92%
VibraniumBlack Panther
89%
TelekinesisScarlet Witch
86%
IceCaptain America
85%
RobotVision
85%
SorcererDr Strange
63%
MadThanos
42%

Score Distribution

Percentile by Number Answered

Percent of People with Each Score

Your Score History

You have not taken this quiz